Liste des films ayant rapporté le plus d'argent - Statistiques

Statistiques générales
  • Ce quiz a été pris 284 fois
  • Le résultat moyen est 3 sur 16
Statistiques - réponses
Recette Films % Correct
2 787 965 087 $ Avatar
86%
2 186 772 302 $ Titanic
85%
1 519 557 910 $ Avengers
62%
1 276 480 335 $ La Reine des Neiges
17%
1 215 439 994 $ Iron Man 3
10%
1 670 400 637 $ Jurassic World
10%
1 516 045 911 $ Fast and Furious 7
9%
1 405 413 868 $ Avengers :l'Ere d'Ultron
6%
1 152 764 375 $ Captain America: Civil War
4%
1 119 929 521 $ Le Seigneur des Anneaux: Le retour du roi
4%
1 108 561 013 $ Skyfall
4%
1 341 511 219 $ Harry Potter: Les Reliques de la Mort
3%
1 159 398 397 $ Les Minions
3%
2 068 176 052 $ Star Wars : Episode VII
1%
1 104 039 076 $ Transformers : L'Age de l'extinction
1%
1 123 794 079 $ Transformers 3: La Face cachée de la Lune
0%
Aucun quiz correspondant
Distribution des résultats
% des personnes avec chaque résultat
Percentile par nombre de réponses
Votre historique - résultats
Vous n’avez pas pris ce quiz